LDR 00740naa#a2200181#i#450# 001 EN\FGKOU VO SPBU MVD ROSSII\bibl\123724 005 20260701073830.3 011 ## _a2071-8284 100 ## _a20260630b2026####ek#y0engy0150####ca 101 0# _aRUS 102 ## _aRU 200 1# _aThe origins of criminal motivation among citizens of the Commonwealth of Independent States in planning and committing extremist crimes _eJournal article 210 1# _aSt. Petersburg _cSAINT-PETERSBURG UNIVERSITY OF THE MINISTRY OF INTERNAL AFFAIRS OF THE RUSSIAN FEDERATION _d2026 215 ## _a8 с. 608 ## _aJournal article _2local 675 ## _aКриминология. Криминалистика. 343.9 _zRUS 700 #1 _aTrushina _gIrina Olegovna 856 4# _avestnikspbmvd.ru _u